wszystkie państwa nieuznawane - Statystyki

Ogólne statystyki
  • Ten quiz został rozwiązany 25 razy
  • Średni wynik to 6 z 9
Statystyki odpowiedzi
Hint Odpowiedź % Poprawnych
Azja Palestyna
86%
Azja Tajwan
81%
Europa Kosowo
76%
Afryka Sahara Zachodnia
62%
Afryka Somaliland
62%
Azja Cypr Północny
57%
Azja Osetia Południowa
57%
Azja Abchazja
52%
Europa Naddniestrze
48%
Nie znaleziono quizów pasujących do podanych kryteriów
Rozkład punktacji
Procent ludzi z każdym wynikiem
Percentyl według liczby udzielonych odpowiedzi
Twoja historia wyników
Nie rozwiązałeś tego quizu